000 00391nam a2200169Ia 4500
008 230524s9999 xx 000 0 und d
020 _a9788131805640
082 _a4
_bKAK
100 _aO.G.Kakde
245 0 _a"Compiler Design,"
250 _a4TH
260 _aNEW DELHI
_bUSP (Laxmi)
_c2009
300 _aXII;395
500 _aQuantity Number: 69
650 _aComp-Sc
942 _cBK
999 _c47256
_d47256